| 000 | 00910cab a2200217 4500 | ||
|---|---|---|---|
| 001 | ABS44455 | ||
| 008 | 090401t1991 xxu||||| |||| 00| 0 eng d | ||
| 035 | _a(Sirsi) u47215 | ||
| 041 | _aeng | ||
| 100 | _aKirkwood, G. | ||
| 245 | _aNotes of cases | ||
| 260 | _c1991 | ||
| 350 | _a0 | ||
| 490 |
_aJournal of Planning and Environment Law _v(1991) JPL 428-444(18) |
||
| 520 | _aCommentary on two cases. Cambridge CC v SoS for the Environment and Milton Park Investment Ltd , in which it was held that demolition of dwelling houses constituted development and therefore required planning permission and South Lakeland DC v SoS for the Environment and Rowbotham , which concerned a planning application to retain new windows in a listed house in a conservation area . | ||
| 650 | _aLISTED BUILDINGS | ||
| 690 | _aPLANNING LAW AND PRACTICE | ||
| 700 | _aPurdue, M. | ||
| 942 | _n0 | ||
| 948 | _c04/03/1997 | ||
| 999 |
_c29781 _d29781 |
||